00646nam a22001695i 4500001000700000003000900007005001700016008004100033040002000074100002300094245012600117260006500243300002100308651003100329752002400360852009200384167035ES-MaACL20230906213439.0050923s1869 sp | |||||||| ||spa d aCAM bspa cCAM1 aVassallo, F. de P.13aUn capítulo para la historia del alzamiento de Sevilla en la tarde del 19 de setiembre de 1868 / c[F. de P. Vassallo]. aMadrid : bImprenta y librería de Miguel Guijarro, c1869. a39 p. ; c22 cm. 4aSevilla-xHistoria-y1868. aEspaña - dMadrid aES-MaACLjFol-Laf-383 z-- Rust. falto de la cub. posterior z-- Legado M. de la Fuente